The Sky In Two/ (Record no. 190924)

MARC details
000 -LEADER
fixed length control field 00540nam a22001817a 4500
005 - DATE AND TIME OF LATEST TRANSACTION
control field 20220811113934.0
010 ## - LCCN (DPL NO)
LC control number ENG-134397
020 ## - INTERNATIONAL STANDARD BOOK NUMBER
International Standard Book Number 9789390663040
Terms of availability 120.00
035 ## - SYSTEM CONTROL NUMBER
System control number EN-117929
037 ## - SOURCE OF ACQUISITION
Source of stock number/acquisition DBAD/PUB
082 ## - DEWEY DECIMAL CLASSIFICATION NUMBER
Classification number 881
100 ## - MAIN ENTRY--PERSONAL NAME
Personal name Arena, Alessio
245 ## - TITLE STATEMENT
Title The Sky In Two/
Statement of responsibility, etc Alessio Arena
260 ## - PUBLICATION, DISTRIBUTION, ETC. (IMPRINT)
Place of publication, distribution, etc Haryana
Name of publisher, distributor, etc Global Fraternity of Poets
Date of publication, distribution, etc 2021
270 ## - ADDRESS
Address H-23/16, DLF Phase-1
City Gurugram
Postal code 122002
Telephone number 0124-4054392
Electronic mail address globalfop@gmail.com
300 ## - PHYSICAL DESCRIPTION
Extent iii, 31p.
Dimensions 22cm(pbk)
942 ## - ADDED ENTRY ELEMENTS (KOHA)
Source of classification or shelving scheme Dewey Decimal Classification
Item type English Books
Classification part 881
Call number suffix ARE
Holdings
Withdrawn status Lost status Not for loan Collection code Home library Current library Date acquired Source of acquisition Cost, normal purchase price Full call number Barcode Copy number Cost, replacement price Koha item type
      Non-fiction Bawana Bawana 11/08/2022 DBAD/PUB 120.00 881 ARE EN-117929 1 120.00 English Books

© Delhi Public Library
Hit Counter
free hit counter